Zur Dynamik des Spätkapitalismus

Guardado en:
Detalles Bibliográficos
Formato: Libro
Lenguaje:alemán
Publicado: Zürich-New York <Der> Aufbruch [1948]
Etiquetas: Agregar Etiqueta
Sin Etiquetas, Sea el primero en etiquetar este registro!

MARC

LEADER 00000nam a2200000 4500
001 0268144
005 20240822101711.3
041 0 |a ger 
044 |a CH 
245 1 0 |a Zur Dynamik des Spätkapitalismus  |c Natalie Moskowska 
264 1 |a Zürich-New York  |b <Der> Aufbruch  |c [1948]